How to grow house plants
An introduction to indoor gardening, plants for foliage and blossoms, african violets,...
Salvato in:
| Natura: | Libro |
|---|---|
| Lingua: | Undetermined |
| Pubblicazione: |
Menlo Park, Calif.
Lane Books
1968
|
| Soggetti: | |
| Tags: |
Aggiungi Tag
Nessun Tag, puoi essere il primo ad aggiungerne! !
|
| Thư viện lưu trữ: | Trung tâm Học liệu Trường Đại học Cần Thơ |
|---|
| LEADER | 00606nam a2200181Ia 4500 | ||
|---|---|---|---|
| 001 | CTU_226418 | ||
| 008 | 210402s9999 xx 000 0 und d | ||
| 082 | |a 635.965 | ||
| 082 | |b H847 | ||
| 245 | 0 | |a How to grow house plants | |
| 245 | 0 | |c by the Sunset editorial staff. Book editor: Barbara Pesch | |
| 260 | |a Menlo Park, Calif. | ||
| 260 | |b Lane Books | ||
| 260 | |c 1968 | ||
| 520 | |a An introduction to indoor gardening, plants for foliage and blossoms, african violets,... | ||
| 650 | |a Cây trong nhà,House plants | ||
| 910 | |b nthai | ||
| 980 | |a Trung tâm Học liệu Trường Đại học Cần Thơ | ||